Inquietudes / (Record no. 11798)
[ view plain ]
| 000 -CABECERA | |
|---|---|
| campo de control de longitud fija | 00720nam a2200217 a 4500 |
| 001 - NÚMERO DE CONTROL | |
| campo de control | 000012133 |
| 005 - FECHA Y HORA DE LA ÚLTIMA TRANSACCIÓN | |
| campo de control | 20240412074230.0 |
| 008 - DATOS DE LONGITUD FIJA--INFORMACIÓN GENERAL | |
| campo de control de longitud fija | 091105s2004 dr a 001 j spa d |
| 040 ## - FUENTE DE LA CATALOGACIÓN | |
| Centro catalogador/agencia de origen | DO-SdBNP |
| Lengua de catalogación | spa |
| Centro/agencia transcriptor | BNPHU |
| 082 ## - NÚMERO DE LA CLASIFICACIÓN DECIMAL DEWEY | |
| Número de clasificación | RD863.44 |
| Número de documento/Ítem | D473i |
| 049 ## - FONDOS LOCALES (OCLC) | |
| Fondos de biblioteca | BNPD |
| 100 1# - ENTRADA PRINCIPAL--NOMBRE DE PERSONA | |
| Nombre de persona | Desprader, Rafael Q. |
| 9 (RLIN) | 28668 |
| 245 10 - MENCIÓN DE TÍTULO | |
| Título | Inquietudes / |
| Mención de responsabilidad, etc. | Rafael Q. Desprader ; prólogo Juan Alberto Peña Lebrón y Nestor Caro. |
| 250 ## - MENCIÓN DE EDICIÓN | |
| Mención de edición | 3a ed. |
| 260 ## - PUBLICACIÓN, DISTRIBUCIÓN, ETC. | |
| Lugar de publicación, distribución, etc. | Santo Domingo : |
| Nombre del editor, distribuidor, etc. | Editorama. |
| 300 ## - DESCRIPCIÓN FÍSICA | |
| Extensión | 61 p. : |
| Otras características físicas | il. |
| Extensión | 22 cm. |
| 650 #4 - PUNTO DE ACCESO ADICIONAL DE MATERIA--TÉRMINO DE MATERIA | |
| Término de materia o nombre geográfico como elemento de entrada | Cuentos dominicanos |
| Subdivisión general | Crítica e interpretación |
| 9 (RLIN) | 10011 |
| 650 #0 - PUNTO DE ACCESO ADICIONAL DE MATERIA--TÉRMINO DE MATERIA | |
| Término de materia o nombre geográfico como elemento de entrada | Literatura dominicana. |
| 9 (RLIN) | 67 |
| 700 1# - PUNTO DE ACCESO ADICIONAL--NOMBRE DE PERSONA | |
| Nombre de persona | Peña Lebrón, Juan Alberto, |
| Término indicativo de función/relación | pról. |
| 9 (RLIN) | 28669 |
| 700 1# - PUNTO DE ACCESO ADICIONAL--NOMBRE DE PERSONA | |
| Nombre de persona | Caro, Nestor, |
| Término indicativo de función/relación | pról. |
| 9 (RLIN) | 28670 |
| Estado de retiro | Estado de pérdida | No para préstamo | Código de colección | Localización permanente | Ubicación/localización actual | Ubicación en estantería | Fecha de adquisición | Número de inventario | Total de préstamos | Signatura topográfica completa | Código de barras | Fecha visto por última vez | Precio válido a partir de | Tipo de ítem Koha | Número de copia |
|---|---|---|---|---|---|---|---|---|---|---|---|---|---|---|---|
| Excluido de préstamo | Patrimonio Dominicano | Patrimonio Dominicano | Patrimonio Dominicano | En catalogación | 05.11.2009 | LF1 | RD863.44 D473i | 12133-10 | 25.06.2020 | 25.06.2020 | Libro y Folleto Colección Patrimonio Dominicano | ||||
| Excluido de préstamo | Patrimonio Dominicano | Patrimonio Dominicano | Patrimonio Dominicano | En catalogación | 05.11.2009 | LF1 | RD863.44 D473i | 12133-20 | 25.06.2020 | 25.06.2020 | Libro y Folleto Colección Patrimonio Dominicano | e. 2 |
